HAYVANLARIN ABCSİ (Record no. 830775)

MARC details
000 -LEADER
sabit uzunluktaki kontrol alanı 00246nam a2200097Ia 4500
001 - KONTROL NUMARASI
kontrol alanı 830775
005 - EN SON İŞLEMİN TARİH VE ZAMANI
kontrol alanı 20250826172324.0
008 - SABİT-UZUNLUKTA VERİ ÖĞELERİ--GENEL BİLGİ
sabit uzunluktaki kontrol alanı 250824s9999 xx 000 0 und d
245 #0 - ESER / YAZAR
ESER ADI HAYVANLARIN ABCSİ
Yazar Adı BİLGİN ADALI
260 ## - YAYIN, DAĞITIM, VB.
YAYIN EVİ HEP KİTAP YAYINLARI
Holdings
Düşüm durumu Kayıp durumu Hasar Durumu Ödünç verilmez Ana kütüphane Geçerli Kütüphane Edinilen tarih Toplam ödünç verme sayısı Barkod Son görüntüleme tarihi Son ödünç verme tarihi Fiyatın geçerli olmaya başladığı tarih Koha materyal türü
        ŞEHİT ERKAN KURŞUN İLKOKULU ŞEHİT ERKAN KURŞUN İLKOKULU 24.08.2025 1 10421956 03.04.2026 12.03.2026 26.08.2025 Books